[Event "Titled Tuesday intern op 18th Jul Early"]
[Site "Chess.com INT"]
[Date "2023.07.18"]
[Round "2"]
[White "Wartiovaara, Oliver"]
[Black "Bachmann, Axel"]
[Result "0-1"]
[WhiteElo "2313"]
[BlackElo "2604"]
[PlyCount "38"]
[EventDate "2023.07.18"]
[EventType "swiss (blitz)"]
[EventRounds "11"]
[EventCountry "USA"]
[SourceTitle "EXT 2024"]
[Source "ChessBase"]
[SourceDate "2023.10.10"]
[SourceVersion "1"]
[SourceVersionDate "2023.10.10"]
[SourceQuality "1"]

1. e4 e5 2. Nf3 Nf6 3. Nxe5 d6 4. Nd3 Nxe4 5. Qe2 Qe7 6. Nf4 Nf6 7. d4 Bf5 8. c3 d5 9. f3 h6 10. Qxe7+ Bxe7 11. Kf2 c5 12. dxc5 Bxc5+ 13. Be3 Bxe3+ 14. Kxe3 Nc6 15. Bd3 Bxd3 16. Kxd3 0-0-0 17. Ne2 Rhe8 18. Nd2 Ne5+ 19. Ke3 Nc4+ 0-1

[Event "Titled Tuesday intern op 18th Jul Early"]
[Site "Chess.com INT"]
[Date "2023.07.18"]
[Round "8"]
[White "Wartiovaara, Oliver"]
[Black "Holtel, Jasper"]
[Result "1/2-1/2"]
[WhiteElo "2313"]
[BlackElo "2353"]
[PlyCount "157"]
[EventDate "2023.07.18"]
[EventType "swiss (blitz)"]
[EventRounds "11"]
[EventCountry "USA"]
[SourceTitle "EXT 2024"]
[Source "ChessBase"]
[SourceDate "2023.10.10"]
[SourceVersion "1"]
[SourceVersionDate "2023.10.10"]
[SourceQuality "1"]

1. b4 c6 2. Bb2 Qb6 3. a3 a5 4. c3 Nf6 5. Nf3 d5 6. d4 Bf5 7. e3 e6 8. Nbd2 Nbd7 9. Be2 Bd6 10. 0-0 Ne4 11. Nxe4 dxe4 12. Nd2 Bg6 13. Nc4 Qc7 14. Nxd6+ Qxd6 15. b5 0-0 16. a4 Qd5 17. c4 Qg5 18. Rb1 f5 19. bxc6 bxc6 20. d5 exd5 21. cxd5 c5 22. Bb5 Nf6 23. Rc1 Bh5 24. Qb3 Bf3 25. g3 Qg4 26. Rfe1 Rab8 27. Qc4 Qh5 28. d6+ Kh8 29. h4 g5 30. Qe6 Qg6 31. Rxc5 gxh4 32. Rxf5 hxg3 33. Bxf6+ Rxf6 34. Qxf6+ Qxf6 35. Rxf6 Rg8 36. fxg3 Rxg3+ 37. Kh2 Rg2+ 38. Kh3 Rd2 39. d7 h5 40. Re6 Bg4+ 41. Kh4 Bxe6 42. Rf1 Bxd7 43. Rf8+ Kg7 44. Rd8 Rh2+ 45. Kg3 Rh3+ 46. Kg2 Bxb5 47. Kxh3 Bxa4 48. Kh4 Bd1 49. Kg5 Bf3 50. Ra8 Kf7 51. Rxa5 Ke6 52. Ra6+ Kf7 53. Kf5 Ke7 54. Re6+ Kf7 55. Rh6 Kg7 56. Rb6 Kf7 57. Rb7+ Ke8 58. Ke6 Kd8 59. Rd7+ Ke8 60. Rg7 Kf8 61. Rh7 Kg8 62. Ra7 Kf8 63. Kf6 Ke8 64. Ra5 Kd7 65. Rf5 Kd6 66. Rg5 Kd7 67. Kf5 Kd6 68. Rg7 Kd5 69. Rd7+ Kc5 70. Rd2 Kc4 71. Ke5 Kc3 72. Rd4 Kc2 73. Rxe4 Bxe4 74. Kxe4 h4 75. Kf4 Kd3 76. e4 Kd4 77. e5 Kd5 78. Kg4 Kxe5 79. Kxh4 1/2-1/2

[Event "Titled Tuesday intern op 18th Jul Early"]
[Site "Chess.com INT"]
[Date "2023.07.18"]
[Round "1"]
[White "Wartiovaara, Oliver"]
[Black "Zemlyanskii, Ivan"]
[Result "1/2-1/2"]
[WhiteElo "2313"]
[BlackElo "2296"]
[PlyCount "144"]
[EventDate "2023.07.18"]
[EventType "swiss (blitz)"]
[EventRounds "11"]
[EventCountry "USA"]
[SourceTitle "EXT 2024"]
[Source "ChessBase"]
[SourceDate "2023.10.10"]
[SourceVersion "1"]
[SourceVersionDate "2023.10.10"]
[SourceQuality "1"]

1. Nf3 d5 2. d4 Nf6 3. c4 c6 4. e3 Bf5 5. Nh4 Bg6 6. Nc3 e6 7. Nxg6 hxg6 8. Qb3 Qc7 9. Bd2 Nbd7 10. cxd5 exd5 11. 0-0-0 Bd6 12. f3 Rxh2 13. Rxh2 Bxh2 14. e4 dxe4 15. fxe4 Bf4 16. e5 Nh5 17. Kb1 Bxd2 18. Rxd2 Nb6 19. d5 Nxd5 20. Nxd5 cxd5 21. Qxd5 Rd8 22. Qb5+ Kf8 23. Qb4+ Kg8 24. Rxd8+ Qxd8 25. Be2 Qd5 26. Bf3 Qd3+ 27. Kc1 b6 28. e6 fxe6 29. Qe7 Qc4+ 30. Kb1 Nf6 31. b3 Qd3+ 32. Kb2 Qd4+ 33. Ka3 Qc5+ 34. Qxc5 bxc5 35. Ka4 e5 36. Kb5 e4 37. Be2 Nd5 38. Kxc5 Nf4 39. Bc4+ Kf8 40. Kd4 Nxg2 41. Kxe4 Nh4 42. b4 Ke7 43. a4 Nf5 44. Bd5 Nd6+ 45. Kf4 Kf6 46. a5 g5+ 47. Kg3 Ke5 48. Bc6 Kd4 49. b5 Kc5 50. Kg4 Nxb5 51. Bd7 Nd6 52. Kxg5 Kb4 53. a6 Ka5 54. Kg6 Kxa6 55. Kxg7 Kb6 56. Kf6 a5 57. Ke5 Nb7 58. Kd4 Nc5 59. Be8 Ne6+ 60. Kc3 Kc5 61. Kb3 Nc7 62. Ka4 Kb6 63. Bg6 Ne6 64. Be8 Nd4 65. Ka3 Nf5 66. Ka2 Kc5 67. Ka1 Kb4 68. Bd7 Nd4 69. Be8 Kb3 70. Bd7 Nc2+ 71. Kb1 Nb4 72. Be8 Nd3 1/2-1/2

[Event "Titled Tuesday intern op 04th Jul Early"]
[Site "Chess.com INT"]
[Date "2023.07.04"]
[Round "2"]
[White "Sadykov, Ramil"]
[Black "Wartiovaara, Oliver"]
[Result "0-1"]
[WhiteElo "2345"]
[BlackElo "2313"]
[PlyCount "50"]
[EventDate "2023.07.04"]
[EventType "swiss (blitz)"]
[EventRounds "11"]
[EventCountry "USA"]
[SourceTitle "EXT 2024"]
[Source "ChessBase"]
[SourceDate "2023.10.10"]
[SourceVersion "1"]
[SourceVersionDate "2023.10.10"]
[SourceQuality "1"]

1. e4 c5 2. Nf3 e6 3. d4 cxd4 4. Nxd4 Nc6 5. Nc3 Bc5 6. Nb3 Bb6 7. Bd3 Nge7 8. 0-0 0-0 9. Bf4 d5 10. Qe2 Ng6 11. Bg3 dxe4 12. Nxe4 f5 13. Nd6 f4 14. Nxc8 Rxc8 15. Qxe6+ Kh8 16. Bxg6 hxg6 17. Rad1 Qg5 18. Qh3+ Qh6 19. Bh4 Rf5 20. Qg4 Rcf8 21. g3 g5 22. Kg2 gxh4 23. Rd7 fxg3 24. hxg3 h3+ 25. Kh1 Rxf2 0-1

[Event "Titled Tuesday intern op 04th Jul Early"]
[Site "Chess.com INT"]
[Date "2023.07.04"]
[Round "9"]
[White "Vlassov, Nikolai"]
[Black "Wartiovaara, Oliver"]
[Result "1-0"]
[WhiteElo "2283"]
[BlackElo "2313"]
[PlyCount "35"]
[EventDate "2023.07.04"]
[EventType "swiss (blitz)"]
[EventRounds "11"]
[EventCountry "USA"]
[SourceTitle "EXT 2024"]
[Source "ChessBase"]
[SourceDate "2023.10.10"]
[SourceVersion "1"]
[SourceVersionDate "2023.10.10"]
[SourceQuality "1"]

1. e4 e6 2. c4 d5 3. cxd5 exd5 4. Qb3 dxe4 5. Bc4 Be6 6. Bxe6 fxe6 7. Qxb7 Nd7 8. Qxe4 Ngf6 9. Qxe6+ Be7 10. d4 c5 11. Nf3 cxd4 12. 0-0 Nc5 13. Qc6+ Kf7 14. b4 Ncd7 15. Ng5+ Kg6 16. Qc2+ Kh5 17. Ne6 Qc8 18. Qf5+ 1-0

[Event "Titled Tuesday intern op 04th Jul Early"]
[Site "Chess.com INT"]
[Date "2023.07.04"]
[Round "10"]
[White "Wartiovaara, Oliver"]
[Black "Thiel, Thomas"]
[Result "1-0"]
[WhiteElo "2313"]
[BlackElo "2195"]
[PlyCount "45"]
[EventDate "2023.07.04"]
[EventType "swiss (blitz)"]
[EventRounds "11"]
[EventCountry "USA"]
[SourceTitle "EXT 2024"]
[Source "ChessBase"]
[SourceDate "2023.10.10"]
[SourceVersion "1"]
[SourceVersionDate "2023.10.10"]
[SourceQuality "1"]

1. e4 d5 2. exd5 Nf6 3. d4 Nxd5 4. Nf3 g6 5. c4 Nb6 6. c5 Nd5 7. Nc3 Bg7 8. Bc4 Nxc3 9. bxc3 0-0 10. 0-0 Nc6 11. Bg5 Na5 12. Bd3 b6 13. Re1 Re8 14. Qa4 Bd7 15. Qa3 Nb7 16. Be4 c6 17. cxb6 axb6 18. Qb3 Nd6 19. Ne5 Nxe4 20. Nxf7 Be6 21. Qxe6 Qd5 22. Nh6+ Kh8 23. Rxe4 1-0